PHARMACEUTICAL ANALYSIS -I ( DR.K. R MAHADIK / DR. SATHIYANARAYANAN (Record no. 268050)

MARC details
000 -LEADER
fixed length control field 00375pam a2200133a 44500
008 - FIXED-LENGTH DATA ELEMENTS--GENERAL INFORMATION
fixed length control field 230405s2022 xxu||||| |||| 00| 0 eng d
041 ## - LANGUAGE CODE
Language code of text/sound track or separate title ENG
100 ## - MAIN ENTRY--PERSONAL NAME
Personal name DR.K. R MAHADIK / DR. SATHIYANARAYANAN
245 ## - TITLE STATEMENT
Title PHARMACEUTICAL ANALYSIS -I ( DR.K. R MAHADIK / DR. SATHIYANARAYANAN
250 ## - EDITION STATEMENT
Edition statement 3
260 ## - PUBLICATION, DISTRIBUTION, ETC.
Place of publication, distribution, etc. PUNE
Name of publisher, distributor, etc. NIRALI PRAKASHAN
Date of publication, distribution, etc. 2022
300 ## - PHYSICAL DESCRIPTION
Extent 14.14
906 ## - LOCAL DATA ELEMENT F, LDF (RLIN)
a 2611
Holdings
Withdrawn status Lost status Damaged status Not for loan Collection Home library Current library Date acquired Source of acquisition Cost, normal purchase price Total Checkouts Barcode Date last seen Price effective from Koha item type Date last checked out Date due
          College of Pharmacy, Kolhapur College of Pharmacy, Kolhapur 14/04/2023 BHARATI MADHYVARTI SAHAKARI GRAHAK BHANDAR LTD 209.00   PCK-9829 09/04/2025 14/04/2023 Book    
          College of Pharmacy, Kolhapur College of Pharmacy, Kolhapur 14/04/2023 BHARATI MADHYVARTI SAHAKARI GRAHAK BHANDAR LTD 209.00 4 PCK-9828 24/02/2026 14/04/2023 Book 19/01/2026  
          College of Pharmacy, Kolhapur College of Pharmacy, Kolhapur 14/04/2023 BHARATI MADHYVARTI SAHAKARI GRAHAK BHANDAR LTD 209.00 1 PCK-9827 22/04/2025 14/04/2023 Book 29/01/2025  
          College of Pharmacy, Kolhapur College of Pharmacy, Kolhapur 14/04/2023 BHARATI MADHYVARTI SAHAKARI GRAHAK BHANDAR LTD 209.00 3 PCK-9826 14/03/2026 14/04/2023 Book 14/03/2026 14/03/2026
          College of Pharmacy, Kolhapur College of Pharmacy, Kolhapur 14/04/2023 BHARATI MADHYVARTI SAHAKARI GRAHAK BHANDAR LTD 209.00 1 PCK-9825 14/03/2026 14/04/2023 Book 14/03/2026 14/03/2026
          College of Pharmacy, Kolhapur College of Pharmacy, Kolhapur 14/04/2023 BHARATI MADHYVARTI SAHAKARI GRAHAK BHANDAR LTD 209.00   PCK-9824 14/04/2023 14/04/2023 Book